000 00539nam a22001817a 4500
999 _c172259
_d172259
005 20200130145454.0
010 _aENG-127578
020 _a9789388927468
_c150.00
035 _aEN-111110
037 _bDBAD/PUB
082 _a880
100 _aDave,Vishal
245 _aShadow of Youth Issues in Chetan Bhagat's Select Novels/
_cby Vishal Dave
260 _aAhmedabad
_bVedant Publication
_c2019
270 _bAhmedabad
_aRajkot, Ahmedabad, Surat
_e360001
300 _a112p.
_b20cm(pbk)
942 _2ddc
_cEN
_h880
_mDAV